000 00440nam a2200181Ia 4500
999 _c25495
_d25495
003 0100
005 20170404100306.0
008 130303s9999 xx 000 0 und d
040 _cARRUPELIB
050 _aBX4700.S65L91981
100 _aLynch, Rev. John W
_929609
245 _aBernadette
245 _bThe Only Witness
260 _aBoston, Massachusetts
260 _bThe Daughters of ST. Paul
300 _a184p
600 _aBernadette Soubirous, St.
_929610
942 _2lcc
_cMONOGRAPH